Europa y el mundo de hoy

Kaydedildi:
Detaylı Bibliyografya
Asıl Yazarlar: Philip, A (Yazar), Born, Max (Yazar)
Diğer Yazarlar: Gilson, Etienne (texte et commentaire)
Materyal Türü: Kitap
Dil:İspanyolca
Baskı/Yayın Bilgisi: Madrid Guadarrama 1959
Seri Bilgileri:Guadarrama de Crítica y Ensayo, 15
Konular:
Etiketler: Etiketle
Etiket eklenmemiş, İlk siz ekleyin!

MARC

LEADER 00000cam a2200000 a 4500
001 UCP8541
003 CL-VaPUC
008 000303e19590000SP |||||||||||||||||spa|d
082 0 4 |a 901  |b PHI  |2 21 
100 0 |a Philip, A  |e author  |9 438576 
700 0 |a Born, Max  |e author  |9 438577 
700 |a Gilson, Etienne   |e texte et commentaire  |9 349168 
245 1 0 |a Europa y el mundo de hoy 
300 |a 482 p 
942 |c BK 
945 |d 20000303 00:00:00  |a rherrera 
260 |a Madrid  |b Guadarrama  |c 1959 
650 0 |a Filosofía de la historia  |9 265651 
650 0 |a Ensayos  |9 268724 
650 0 |a Crítica e interpretación   |9 255042 
651 0 |a Europa  |9 255156 
583 |a last modification  |c 20130827 06:00:36  |k Rodrigo Vera 
490 0 |a Guadarrama de Crítica y Ensayo, 15 
999 |c 285433  |d 285431 
952 |0 0  |1 0  |4 0  |6 901_000000000000000_PHI_1959  |7 0  |8 A  |9 330057  |a BIBHIS  |b BIBHIS  |d 2019-11-20  |i 1392441  |o 901 PHI 1959  |p 1392441  |r 2025-01-20  |w 2019-11-20  |y BK  |k HIS 
952 |0 0  |1 0  |3 erb  |4 0  |6 901_000000000000000_PHI_1959  |7 0  |8 A  |9 330058  |a BIBHIS  |b BIBHIS  |d 2019-11-20  |i 5002206  |o 901 PHI 1959  |p 5002206  |r 2025-01-20  |w 2019-11-20  |y BK  |z Catalogado en:20130829  |k HIS